Statistics for Largest Cities in Auvergne-Rhône-Alpes

Click here to take the quiz!

General Stats

  • This quiz has been taken 30 times
  • The average score is 9 of 15

Answer Stats

PopulationCity% Correct
522,969Lyon
100%
158,198Grenoble
96%
173,821Saint-Etienne
84%
130,721Annecy
80%
147,865Clermont-Ferrand
80%
58,917Chambery
76%
152,212Villeurbanne
72%
64,749Valence
64%
67,285Venissieux
48%
41,111Bourg-en-Bresse
40%
39,818Montelimar
36%
42,244Bron
32%
46,927Saint-Priest
24%
43,294Caluire-et-Cuire
12%
52,795Valx-en-Velin
8%

Score Distribution

Percentile by Number Answered

Percent of People with Each Score

Your Score History

You have not taken this quiz